| 000 | 00509nam a2200181Ia 4500 | ||
|---|---|---|---|
| 001 | 56550 | ||
| 008 | 140506s9999 xx 000 0 und d | ||
| 020 | _aNA | ||
| 040 | _cPK-LaUMT | ||
| 082 |
_aMAL 333.79 _bROU-E |
||
| 100 | _aRouse, Robert S. | ||
| 245 |
_aEnergy [instructor's supplement] _bresource slave pollutant _cRouse, Robert S.<>Smith, Robert O. |
||
| 260 |
_aNew York,USA: _bMacmillan Publishing Company, _c1975 |
||
| 300 | _a113 p. | ||
| 546 | _aEN | ||
| 700 | _aSmith, Robert O. | ||
| 942 | _cBK | ||
| 999 |
_c53863 _d53863 |
||